Statistics for All Characters in Infinity War (SPOILERS)

Click here to take the quiz!

General Stats

  • This quiz has been taken 84 times
    (70 since last reset)
  • The average score is 21 of 25

Answer Stats

HintAnswer% Correct
Got all 6 infinity stonesThanos
100%
Suit now has nano technologyIron-Man
98%
ALMOST defeats ThanosThor
98%
Leads the Battle of WakandaBlack Panther
95%
Tries to protect vision and tries to destroy last stone at the end of the movieScarlett Witch
95%
Has the last stone in his headVision
95%
New iron suit with 8 arachnid iron legsSpider-Man
93%
New black suit with mini-shields given by WakandaCaptain America
90%
Tries to trick Thanos and kill him at beginningLoki
90%
Gets abducted by Thanos for knowing the location of the soul stoneGamora
89%
Makes handle for Stormbreaker and plays video games for most of the movieGroot
89%
Most angry about what Thanos did to get Soul stoneStar Lord
89%
Too scared (alter-ego not real guy) to fight Thanos most of the movieHulk
87%
Gets tortured for incintive for another character to reveal the location of the soul stoneNebula
87%
Gets abducted by Ebony May, who tries to get stone from himDr.Strange
84%
Tried to weaken Thanos so others could pull the infinity gauntlet offMantis
80%
Uses the last of his powers to send Hulk back to EarthHeimdall
79%
Stayed on Earth when Dr.Strange was abductedWong
79%
Made a lot of explosions happen in the Battle of WakandaWar Machine
72%
Traveled ith CA, Vision, and SWBlack Widow
69%
Eyes in the sky in the battle of WakandaFalcon
69%
Went with Thor and Groot because he was being a coward.Rocket Raccoon
67%
Tries to get stone out of Vision's headShuri
67%
Member of the Black Order who has telepathic powersEbony Maw
62%
Defeat Thanos in Avengers 4???Captain Marvel
49%

Score Distribution

Percentile by Number Answered

Percent of People with Each Score

Your Score History

You have not taken this quiz since the last reset